header

Liquid chromatography/time-of-flight mass spectrometry (Record no. 61502)

MARC details
000 -LEADER
fixed length control field 01237nam a2200301Ia 4500
100 1# - MAIN ENTRY--AUTHOR NAME
Personal name Ferrer, Imma,
245 10 - TITLE STATEMENT
Title Liquid chromatography/time-of-flight mass spectrometry
260 ## - PUBLICATION, DISTRIBUTION, ETC. (IMPRINT)
Place of publication Hoboken, NJ :
Name of publisher Wiley,
Year of publication 2008.
300 ## - PHYSICAL DESCRIPTION
Number of Pages xii, 261 p. :
Other physical details ill.
500 ## - GENERAL NOTE
General note Includes index.
650 #0 - SUBJECT ADDED ENTRY--TOPICAL TERM
Topical Term Liquid chromatography.
Topical Term Time-of-flight mass spectrometry.
700 1# - ADDED ENTRY--PERSONAL NAME
Personal name Thurman, E. M.
856 40 - ELECTRONIC LOCATION AND ACCESS
Uniform Resource Identifier http://site.ebrary.com/lib/rucke/Doc?id=10308136

No items available.

© 2026 Rongo University
Contact us: librarian | system librarian | Rongo university